000 00634nam a2200253Ia 4500
003 OSt
005 20221005130715.0
006 a|||||r|||| 00| 0
007 ta
008 221004b |||||||| |||| 00| 0 ara d
024 _a13771
037 _cTextual
040 _aCRL
_cCRL
_bara
041 _2ara
_aara
082 _aP28xM04,1, 28A67.1
100 _ashadyaq Au.
_9638526
245 0 _aSair al-liyal
260 _c1867
490 _vVol.1
650 _a LINGUISTICS
650 _aARABIC LANGUAGE
_931794
942 _hP28xM04,1, 28A67.1
_cTEXL
_2cc
999 _c1058126
_d1058126